Statistics for The Sweden Quiz

Click here to take the quiz!

General Stats

  • This quiz has been taken 486 times
  • The average score is 7 of 10

Answer Stats

Hint Answer % Correct
The capital cityStockholm
99%
The second biggest cityGothenburg
87%
Sport that Zlatan Ibrahimović playsFootball
87%
What "jag älskar Sverige" means in EnglishI love Sweden
80%
Bridge that connects Malmö to Copenhagen in DenmarkÖresund Bridge
67%
The current King of SwedenCarl XVI Gustaf
66%
Number of albums recorded by ABBA (that were released in Sweden)Eight
61%
Nationality of the largest number of immigrants in SwedenFinnish
58%
Year that Sweden hosted the Summer Olympics1912
47%
Year that Alfred Nobel was born1833
24%

Score Distribution

Percentile by Number Answered

Percent of People with Each Score

Your Score History

You have not taken this quiz